00537nam a2200181Ia 450000500170000000800410001702000150005808200130007310000190008624500550010526000400016030000130020065000140021365000120022794200060023995200950024599900150034020250612024438.0240331s9999 xx 000 0 und d a9555800308 bTHIa320 aThiruchelvam,N 0aDeshapalanaya haa sanskruthiya :byugayaka muhunu acolombobS. Godage & brothersc1998 a144 p ., aPolitical aCulture cL 001040708LaWERCLbWERCLcSSCd2024-03-31l0o 320 THIp6591r2024-03-31w2024-03-31yL c4996d4996